Top 10 Billboard Songs of 2019 - Statistics

General Stats
  • This quiz has been taken 30 times
  • The average score is 4 of 10
Answer Stats
Hint Answer % Correct
Lil Nas X featuring Billy Ray Cyrus Old Town Road
86%
Billie Eilish Bad Guy
82%
Post Malone and Swae Lee Sunflower
79%
Marshmello and Bastille Happier
46%
Halsey Without Me
36%
Ariana Grande 7 Rings
32%
Travis Scott Sicko Mode
25%
Jonas Brothers Sucker
21%
Khalid Talk
11%
Post Malone Wow
4%
No matching quizzes found
Score Distribution
Percent of People with Each Score
Percentile by Number Answered
Your Score History
You have not taken this quiz